200 premiers mots de Harry Potter et l'Ordre du phénix - Statistiques

Statistiques générales
  • Ce quiz a été pris 2 713 fois
  • Le résultat moyen est 93 sur 200
Statistiques - réponses
Mots % Correct
d'
94%
l'
94%
à
91%
a
91%
Harry
91%
le
90%
s'
90%
La
88%
la
88%
de
87%
et
84%
du
83%
n'
83%
les
76%
Potter...
76%
se
75%
des
74%
sa
69%
un
69%
Une
65%
une
65%
en
64%
était
64%
été,
63%
plus
61%
avait
58%
que
58%
ses
58%
son
58%
Son
58%
au
57%
fin
55%
qui
55%
Drive.
52%
Drive
52%
Privet
52%
journée
51%
chaude
50%
dans
50%
rue.
45%
sur
45%
4
44%
étaient
43%
tout
42%
garçon
38%
air
37%
eau.
36%
habitants
33%
homme
33%
long
33%
maisons
33%
maisons,
33%
leurs
32%
peu
32%
aux
31%
lunettes
31%
jeune
30%
noir,
29%
ombre
29%
cheveu
28%
numéro
28%
temps.
28%
grandes
27%
fleurs,
25%
herbe
25%
portait
25%
vert
25%
cas,
24%
fenêtres
24%
personne
24%
bien
23%
fraîche
23%
seule
23%
dehors
22%
encore
21%
pelouses
21%
pelouses,
21%
quelqu'
21%
voitures
21%
étendu
20%
milieu
20%
ouvertes
20%
présent
19%
beaucoup
18%
grandi
18%
jusqu'
18%
massif
18%
bout
17%
brise
17%
espoir
17%
Maigre,
17%
réfugiés
17%
regard
17%
installé
16%
jean
16%
T-shirt
15%
allées,
14%
silence
14%
sale,
13%
baskets.
12%
laver
12%
poussière
12%
sécheresse
12%
tondre
12%
brûlée.
11%
tirait
11%
attirer
10%
autrefois
10%
couvraient
10%
délavé
10%
émeraude
10%
hauteur
10%
inexistante.
10%
jaunâtres
10%
jets
10%
maladif
10%
plaisir
10%
privés
10%
angles
9%
déchiré
9%
droits
9%
étendues
9%
habituellement
9%
tenue
9%
effet
8%
étincelantes
8%
Immobiles
8%
interdisait
8%
offraient
8%
semelles
8%
usage
8%
Désormais
7%
hâve
7%
somnolent
7%
bâillaient
6%
légèrement
6%
persistante
6%
informe
5%
Aucun quiz correspondant
Distribution des résultats
% des personnes avec chaque résultat
Percentile par nombre de réponses
Votre historique - résultats
Vous n’avez pas pris ce quiz